| 000 | 00404nam a2200157Ia 4500 | ||
|---|---|---|---|
| 005 | 20241214081233.0 | ||
| 008 | 200919s9999||||xx |||||||||||||| ||und|| | ||
| 050 |
_aQK671 _b.E8 |
||
| 082 |
_a581.4 _bESA-P |
||
| 100 | _aEsau, Katherine | ||
| 245 | 0 | _aPlant Anatomy | |
| 250 | _a2nd ed. | ||
| 260 |
_aNew York _bJohn Wiley & Sons Inc. _c1965 |
||
| 300 |
_a767p _bill. _c23.5cm |
||
| 942 |
_2lcc _cBK _e2nd ed. _n0 |
||
| 999 |
_c2187 _d2187 |
||